[Event "Niteroi op 4th"]
[Site "Niteroi"]
[Date "2024.08.31"]
[Round "6"]
[White "Garcia, Erich Douglas Ribei"]
[Black "Teixeira, Maria Luiza Prado"]
[Result "1-0"]
[WhiteElo "1675"]
[BlackElo "1878"]
[PlyCount "57"]
[EventDate "2024.08.28"]
[EventType "swiss"]
[EventRounds "7"]
[EventCountry "BRA"]
[SourceTitle "CBM 221 Extra"]
[Source "ChessBase"]
[SourceDate "2024.09.30"]
[SourceVersion "1"]
[SourceVersionDate "2024.09.30"]
[SourceQuality "1"]

1. d4 d5 2. c4 e6 3. a3 Nf6 4. c5 b6 5. b4 a5 6. Bb2 axb4 7. axb4 Rxa1 8. Bxa1 Ba6 9. Nc3 c6 10. Nf3 Nbd7 11. e3 Bxf1 12. Kxf1 Be7 13. g3 Qc7 14. Kg2 0-0 15. Re1 Ne4 16. Nxe4 dxe4 17. Nd2 f5 18. Qb3 Rf6 19. d5 exd5 20. Bxf6 Nxf6 21. Qc3 Nd7 22. Nb3 Bf6 23. Nd4 Ne5 24. Qa3 Nd3 25. Ra1 Kf7 26. Qa8 Kg6 27. Ra7 Qe5 28. cxb6 Be7 29. Qe8+ 1-0

[Event "BRA-ch Amateurs U2000"]
[Site "Sao Paulo"]
[Date "2024.06.01"]
[Round "5"]
[White "Teixeira, Maria Luiza Prado"]
[Black "Lelis, Lucas Porto"]
[Result "1-0"]
[WhiteElo "1928"]
[BlackElo "1872"]
[PlyCount "37"]
[EventDate "2024.05.30"]
[EventType "swiss"]
[EventRounds "7"]
[EventCountry "BRA"]
[SourceTitle "CBM 220 Extra"]
[Source "ChessBase"]
[SourceDate "2024.07.31"]
[SourceVersion "1"]
[SourceVersionDate "2024.07.31"]
[SourceQuality "1"]

1. d4 d5 2. c4 dxc4 3. Nc3 Nf6 4. e4 e6 5. Bxc4 c5 6. Nf3 Nbd7 7. Bg5 h6 8. Bh4 cxd4 9. Qxd4 Bc5 10. Qd2 g5 11. Bg3 Nh5 12. Bd6 Bxd6 13. Qxd6 Qb6 14. Qd2 a6 15. 0-0-0 g4 16. Nd4 Ne5 17. Bd3 Bd7 18. f4 gxf3 19. Nxf3 1-0

[Event "BRA-ch Amateurs U2000"]
[Site "Sao Paulo"]
[Date "2024.05.31"]
[Round "3"]
[White "Teixeira, Maria Luiza Prado"]
[Black "Rodrigues, Julliano de Araujo"]
[Result "1/2-1/2"]
[WhiteElo "1928"]
[BlackElo "1843"]
[PlyCount "74"]
[EventDate "2024.05.30"]
[EventType "swiss"]
[EventRounds "7"]
[EventCountry "BRA"]
[SourceTitle "CBM 220 Extra"]
[Source "ChessBase"]
[SourceDate "2024.07.31"]
[SourceVersion "1"]
[SourceVersionDate "2024.07.31"]
[SourceQuality "1"]

1. d4 Nf6 2. c4 g6 3. Nc3 d5 4. cxd5 Nxd5 5. e4 Nxc3 6. bxc3 Bg7 7. Bc4 c5 8. Ne2 Nc6 9. Be3 0-0 10. 0-0 Bg4 11. f3 Na5 12. Bd3 cxd4 13. cxd4 Be6 14. Qa4 a6 15. Rac1 b5 16. Qc2 Nc4 17. Bxc4 Bxc4 18. Rfd1 e6 19. Qd2 Rc8 20. Ng3 Qe7 21. Rc2 Qa3 22. Rdc1 Rfd8 23. e5 Bxe5 24. Rc3 Qa5 25. Ne4 Bg7 26. Bf4 Kh8 27. Nd6 Rb8 28. Nxc4 bxc4 29. Qf2 Rbc8 30. Rxc4 Rxc4 31. Rxc4 Qd5 32. Qc2 Qa5 33. Qf2 Qa3 34. Qd2 Rb8 35. Rc2 Rd8 36. Rc1 Rb8 37. Rc2 Rd8 1/2-1/2

[Event "BRA-ch U18 Girls"]
[Site "Aracaju"]
[Date "2024.05.22"]
[Round "1"]
[White "Ferraz, Mariana Soares Kaff"]
[Black "Teixeira, Maria Luiza Prado"]
[Result "0-1"]
[WhiteElo "1800"]
[BlackElo "1928"]
[PlyCount "50"]
[EventDate "2024.05.22"]
[EventType "swiss"]
[EventRounds "6"]
[EventCountry "BRA"]
[SourceTitle "CBM 220 Extra"]
[Source "ChessBase"]
[SourceDate "2024.07.31"]
[SourceVersion "1"]
[SourceVersionDate "2024.07.31"]
[SourceQuality "1"]

1. d4 d5 2. Nf3 Nf6 3. b3 Bg4 4. Bb2 e6 5. e3 Nbd7 6. Nbd2 Ne4 7. Be2 Bb4 8. 0-0 Bc3 9. Rb1 Bxb2 10. Rxb2 Nc3 11. Qe1 c5 12. Nb1 Ne4 13. Nfd2 Bxe2 14. Qxe2 Nd6 15. Nf3 b5 16. c3 Rc8 17. Rc2 0-0 18. Rfc1 Qb6 19. Nbd2 Rc7 20. c4 cxd4 21. exd4 dxc4 22. bxc4 bxc4 23. Nxc4 Qa6 24. Ncd2 Rfc8 25. Kf1 Nb5 0-1

[Event "BRA-ch U18 Girls"]
[Site "Aracaju"]
[Date "2024.05.22"]
[Round "2"]
[White "Teixeira, Maria Luiza Prado"]
[Black "Carvalho, Rhianna Pietra Agui"]
[Result "1-0"]
[WhiteElo "1928"]
[BlackElo "1469"]
[PlyCount "103"]
[EventDate "2024.05.22"]
[EventType "swiss"]
[EventRounds "6"]
[EventCountry "BRA"]
[SourceTitle "CBM 220 Extra"]
[Source "ChessBase"]
[SourceDate "2024.07.31"]
[SourceVersion "1"]
[SourceVersionDate "2024.07.31"]
[SourceQuality "1"]

1. d4 d5 2. c4 c6 3. Nf3 Nf6 4. g3 g6 5. Bg2 Bg7 6. Nbd2 0-0 7. 0-0 Be6 8. b3 Qc8 9. Ba3 Re8 10. Ng5 Na6 11. Nxe6 Qxe6 12. Rc1 Rad8 13. cxd5 Nxd5 14. e3 Rc8 15. Rc4 Qd7 16. Ne4 Bh6 17. Qf3 f5 18. Nc5 Nxc5 19. Rxc5 b6 20. Rc2 a5 21. Rfc1 e6 22. Qe2 b5 23. Qd2 b4 24. Bb2 Re7 25. Rc5 Qc7 26. Qc2 Qb6 27. Bxd5 exd5 28. Rxc6 Rxc6 29. Qxc6 Qxc6 30. Rxc6 Rd7 31. Kg2 Bf8 32. Kf3 Ra7 33. Kf4 a4 34. Ke5 axb3 35. axb3 Ra2 36. Rc2 Ra5 37. h4 Kf7 38. Bc1 Bg7+ 39. Kd6 Bf8+ 40. Kc6 Ke6 41. Kb6 Ra8 42. Rc6+ Bd6 43. Bd2 Rb8+ 44. Ka7 Rb5 45. Rb6 Rxb6 46. Kxb6 Kd7 47. Kb5 Kc7 48. Bxb4 Bxb4 49. Kxb4 Kb6 50. f3 h6 51. g4 fxg4 52. fxg4 1-0

[Event "Campos do Jordao op"]
[Site "Campos do Jordao"]
[Date "2024.01.13"]
[Round "3"]
[White "Vaz, Osvaldo Jose"]
[Black "Teixeira, Maria Luiza Prado"]
[Result "0-1"]
[WhiteElo "1627"]
[BlackElo "1800"]
[PlyCount "74"]
[EventDate "2024.01.12"]
[EventType "swiss"]
[EventRounds "5"]
[EventCountry "BRA"]
[SourceTitle "CBM 218 Extra"]
[Source "ChessBase"]
[SourceDate "2024.03.31"]
[SourceVersion "1"]
[SourceVersionDate "2024.03.31"]
[SourceQuality "1"]

1. e4 c5 2. Nf3 Nc6 3. b4 Nxb4 4. c3 Nc6 5. d4 cxd4 6. cxd4 e6 7. Nc3 Bb4 8. Bd2 Nf6 9. Bd3 d5 10. e5 Bxc3 11. Bxc3 Ne4 12. Rc1 Nxc3 13. Rxc3 0-0 14. 0-0 f6 15. Re1 fxe5 16. dxe5 Bd7 17. Bb1 Qe8 18. Ng5 h6 19. Rh3 Ne7 20. Qg4 Nf5 21. Nf3 Rc8 22. Nd2 Qe7 23. f4 Qc5+ 24. Kh1 Qf2 25. Nf3 Rc3 26. Rg1 Be8 27. Nh4 Rxh3 28. Nxf5 exf5 29. Qxh3 Qxf4 30. Qc3 Bc6 31. a3 Re8 32. Re1 d4 33. Qc4+ Kh8 34. Rf1 Qxe5 35. Bxf5 Bb5 36. Qf7 Bxf1 37. Bd7 Bxg2+ 0-1

[Event "Campos do Jordao op"]
[Site "Campos do Jordao"]
[Date "2024.01.12"]
[Round "1"]
[White "Eto, Fabio Luis"]
[Black "Teixeira, Maria Luiza Prado"]
[Result "0-1"]
[WhiteElo "1693"]
[BlackElo "1800"]
[PlyCount "94"]
[EventDate "2024.01.12"]
[EventType "swiss"]
[EventRounds "5"]
[EventCountry "BRA"]
[SourceTitle "CBM 218 Extra"]
[Source "ChessBase"]
[SourceDate "2024.03.31"]
[SourceVersion "1"]
[SourceVersionDate "2024.03.31"]
[SourceQuality "1"]

1. e4 c5 2. Nf3 Nc6 3. d4 cxd4 4. Nxd4 g6 5. c4 Bg7 6. Be3 Nf6 7. Nc3 d6 8. Be2 Bd7 9. Qd2 0-0 10. 0-0 a5 11. Ndb5 Ng4 12. Bxg4 Bxg4 13. Nd5 Ne5 14. Rac1 Nd7 15. b3 b6 16. Bg5 f6 17. Be3 Nc5 18. f3 Bd7 19. Nd4 Rb8 20. Rfd1 Ne6 21. Nxe6 Bxe6 22. Nf4 Bd7 23. Qf2 f5 24. exf5 Rxf5 25. Nd5 b5 26. Bb6 Qf8 27. c5 dxc5 28. Bxc5 Re5 29. Nxe7+ Rxe7 30. Rxd7 Rxd7 31. Bxf8 Bd4 32. Bh6 Bxf2+ 33. Kxf2 Rbd8 34. Rc5 Rd5 35. Rc7 R8d7 36. Rc8+ Kf7 37. Ra8 b4 38. h3 g5 39. Ra6 Rd2+ 40. Kg3 Rxa2 41. Bxg5 Rd5 42. Bf4 a4 43. bxa4 b3 44. Ra7+ Ke6 45. Rxh7 b2 46. Rh6+ Kd7 47. Rb6 Rd1 0-1